[Event "19th EUR-ch"]
[Site "Batumi GEO"]
[Date "2018.03.20"]
[Round "4.85"]
[White "Muradli, Mahammad"]
[Black "Kriebel, Tadeas"]
[Result "1-0"]
[WhiteElo "2398"]
[BlackElo "2520"]
[EventDate "2018.03.17"]
[PlyCount "105"]

1.d4 Nf6 2.c4 c5 3.d5 e6 4.Nc3 exd5 5.cxd5 d6 6.Nf3 g6 7.Bf4 a6 8.a4 Bg7 
9.h3 O-O 10.e3 Re8 11.Nd2 Nbd7 12.Be2 Ne5 13.O-O Nfd7 14.Bh2 f5 15.Qb3 b6 
16.Rae1 Rb8 17.e4 Qf6 18.exf5 gxf5 19.Kh1 Bb7 20.Qc2 Re7 21.f4 Ng6 22.Bd3 
Rf8 23.Nf3 h6 24.Bc4 b5 25.axb5 Nb6 26.Qd3 Nxc4 27.Qxc4 axb5 28.Qxb5 Rff7 
29.Bg3 Rxe1 30.Rxe1 Re7 31.Rd1 Qf7 32.Qd3 Bxc3 33.bxc3 Re4 34.Nd2 Ra4 35.
c4 Qf6 36.Re1 Ra1 37.Nb1 Nf8 38.Kh2 Ba6 39.Bf2 Ra2 40.Nd2 Bc8 41.Re2 Kf7 
42.Nf1 Rxe2 43.Qxe2 Ng6 44.g3 Ne7 45.Ne3 Ng8 46.Be1 Qa1 47.Qh5+ Kg7 48.Qe8
Nf6 49.Qxc8 Qxe1 50.Nxf5+ Kh7 51.Qc7+ Kg6 52.Nh4+ Kh5 53.Qf7# 1-0

[Event "19th EUR-ch"]
[Site "Batumi GEO"]
[Date "2018.03.20"]
[Round "4.86"]
[White "Steinberg, Nitzan"]
[Black "Hayrapetyan, Artavazd R."]
[Result "0-1"]
[WhiteElo "2518"]
[BlackElo "2370"]
[EventDate "2018.03.17"]
[PlyCount "184"]

1.Nf3 Nf6 2.b3 e6 3.Bb2 b6 4.g3 Bb7 5.Bg2 Be7 6.O-O c5 7.c4 O-O 8.Re1 d5 
9.cxd5 Nxd5 10.Na3 Nc6 11.Nc4 Bf6 12.e4 Ndb4 13.Bxf6 Qxf6 14.a3 Na6 15.e5 
Qe7 16.Nd6 Rad8 17.d4 Ba8 18.b4 cxb4 19.Qa4 Nc7 20.axb4 Ne8 21.Nb5 Qxb4 
22.Qxb4 Nxb4 23.Rxa7 Bc6 24.Rb1 Nd5 25.Nd2 Bxb5 26.Rxb5 Nec7 27.Rb1 Ra8 
28.Rxc7 Nxc7 29.Bxa8 Nxa8 30.Nc4 Rb8 31.Kf1 h6 32.Rb5 Rd8 33.Nd6 Rb8 34.
Nc4 Rd8 35.Nd6 Rb8 36.Rb3 Nc7 37.Rf3 Rf8 38.Ke2 b5 39.Kd3 b4 40.Kc4 Nd5 
41.Kb3 Rd8 42.g4 Rd7 43.Ne4 g5 44.Kb2 Kg7 45.Kb3 Ra7 46.Kb2 Kg6 47.Nd6 Rc7
48.h3 Ra7 49.Ne4 Ra5 50.Nf6 Nf4 51.h4 Ra8 52.Ne4 Rd8 53.Nd6 Ra8 54.Ne4 Ra5
55.Nf6 Kg7 56.hxg5 hxg5 57.Rb3 Ra8 58.Kb1 Rb8 59.Kc2 Ne2 60.Rd3 Rc8+ 61.
Kb2 Rd8 62.d5 Nf4 63.Rd4 Ng6 64.Rxb4 Nxe5 65.Nh5+ Kg6 66.Rb3 Nxg4 67.Ng3 
Rxd5 68.f3 Ne5 69.Kc2 Rd4 70.Ne2 Rh4 71.Kd2 Rh3 72.Nd4 g4 73.fxg4 Rxb3 74.
Nxb3 Nxg4 75.Ke2 f5 76.Nc5 Kf6 77.Kf3 Ne5+ 78.Ke3 Ng6 79.Nd7+ Ke7 80.Nb6 
Kd6 81.Nc4+ Kc5 82.Nd2 e5 83.Nf3 Kd5 84.Ng5 e4 85.Nh3 f4+ 86.Ke2 Ke5 87.
Ng5 Nf8 88.Nf7+ Kd5 89.Ng5 Ne6 90.Nf7 Nd4+ 91.Kf1 e3 92.Ng5 Ke5 0-1

[Event "19th EUR-ch"]
[Site "Batumi GEO"]
[Date "2018.03.20"]
[Round "4.87"]
[White "Matinian, Nikita"]
[Black "Arabidze, Meri"]
[Result "0-1"]
[WhiteElo "2514"]
[BlackElo "2369"]
[EventDate "2018.03.17"]
[PlyCount "86"]

1.Nf3 d5 2.g3 Nf6 3.Bg2 e6 4.O-O Be7 5.d3 O-O 6.Nbd2 c5 7.e4 Nc6 8.Re1 b5 
9.e5 Ne8 10.Nf1 Nc7 11.h4 f5 12.exf6 Bxf6 13.Ne3 Qd6 14.c3 e5 15.a4 bxa4 
16.Rxa4 Bd7 17.Qc2 Rae8 18.b3 Kh8 19.Ba3 Nb5 20.Bb2 d4 21.Nc4 Qb8 22.cxd4 
exd4 23.Raa1 Nb4 24.Qd2 Bf5 25.Rxe8 Rxe8 26.Ng5 Bxd3 27.Ra5 Re2 28.Qc1 Qe8
29.Qf4 a6 30.Rxb5 axb5 31.Nd6 Qf8 32.Ba3 h6 33.Ngf7+ Kh7 34.Bxb4 cxb4 35.
Bd5 Qe7 36.Kg2 Qe3 37.Qf3 Qxf3+ 38.Kxf3 Re1 39.Ne4 Be2+ 40.Kf4 d3 41.Kf5 
Bh5 42.Nfd6 d2 43.Nxd2 Re5+ 0-1

[Event "19th EUR-ch"]
[Site "Batumi GEO"]
[Date "2018.03.20"]
[Round "4.88"]
[White "Tutisani, Noe"]
[Black "Sprenger, Jan Michael"]
[Result "1-0"]
[WhiteElo "2394"]
[BlackElo "2513"]
[EventDate "2018.03.17"]
[PlyCount "157"]

1.e4 c5 2.Nf3 e6 3.d4 cxd4 4.Nxd4 a6 5.Nc3 Qc7 6.Bd3 Nf6 7.O-O d6 8.f4 
Nbd7 9.Kh1 Be7 10.Qe2 b5 11.Bd2 Bb7 12.b4 O-O 13.a4 bxa4 14.Rxa4 Rfc8 15.
Bxa6 Bxa6 16.Rxa6 Rxa6 17.Qxa6 Qc4 18.Ra1 Bf8 19.Nb3 d5 20.exd5 exd5 21.
Ne2 Ne4 22.Be1 Qxa6 23.Rxa6 Rxc2 24.Nec1 Rb2 25.Ra2 Rb1 26.Ra1 Rb2 27.Nd4 
Bxb4 28.Nd3 Bxe1 29.Nxb2 Bc3 30.Ra8+ Nf8 31.Nc6 g6 32.Na4 d4 33.Rd8 Kg7 
34.Nxd4 Ba1 35.g3 h5 36.Kg2 Nh7 37.Nb3 Bf6 38.Rd3 Be7 39.Nc3 Nxc3 40.Rxc3 
Nf6 41.Kf3 Bb4 42.Rc4 Ba3 43.Nc5 Ng4 44.h3 Nh6 45.Nd3 Nf5 46.g4 hxg4+ 47.
hxg4 Ne7 48.Ra4 Bd6 49.Ra6 Bc7 50.Ra7 Bd6 51.Rd7 Ba3 52.Ne5 Kf8 53.Nc4 Bb4
54.Nd6 Kg7 55.Rxe7 Bxd6 56.Rd7 Ba3 57.Ke4 Kf6 58.Rb7 Bc1 59.Rb6+ Kg7 60.
Ke5 Bd2 61.Rc6 Be1 62.Rc4 Bg3 63.Kd5 Kf6 64.Kc6 Ke7 65.Re4+ Kf8 66.Kd7 Bf2
67.Rc4 Be3 68.f5 Kg7 69.Rc6 Bd4 70.Ke7 gxf5 71.gxf5 Bb2 72.Ke8 Be5 73.Rb6 
Bd4 74.Rb7 Kf6 75.Rxf7+ Ke5 76.Kf8 Kf4 77.Ke7 Ke5 78.Rf6 Kf4 79.Ke6 1-0

[Event "19th EUR-ch"]
[Site "Batumi GEO"]
[Date "2018.03.20"]
[Round "4.89"]
[White "Shengelia, David"]
[Black "Kacharava, Nikolozi"]
[Result "1/2-1/2"]
[WhiteElo "2508"]
[BlackElo "2362"]
[EventDate "2018.03.17"]
[PlyCount "141"]

1.d4 d6 2.e4 Nf6 3.Nc3 e5 4.dxe5 dxe5 5.Qxd8+ Kxd8 6.Nf3 Bd6 7.Be3 Ke7 8.
Nd2 Ng4 9.Nd5+ Kd8 10.Nc4 Nxe3 11.Ndxe3 Be6 12.O-O-O Ke7 13.Nf5+ Bxf5 14.
exf5 Rd8 15.Na5 b6 16.Nb7 Rd7 17.Bc4 a6 18.Rhe1 Ra7 19.Nxd6 cxd6 20.f4 
Rac7 21.Re4 b5 22.Bb3 Rc5 23.g4 Nc6 24.Bd5 Rc7 25.b4 Rc3 26.Kb2 Nb8 27.
fxe5 Rxc2+ 28.Kb1 dxe5 29.Rxe5+ Kf6 30.Re8 Rc8 31.Rxc8 Rxc8 32.Bb3 Nc6 33.
h4 Rd8 34.Rc1 Ne5 35.Rc5 Rd4 36.g5+ Kxf5 37.Bc2+ Ke6 38.Bb3+ Kf5 39.Bc2+ 
Kf4 40.a3 Nc4 41.Bxh7 Ke3 42.h5 Rh4 43.Bg8 Kd3 44.Bxf7 Kc3 45.Rf5 Nxa3+ 
46.Ka2 Kxb4 47.Rf2 Nc4 48.Rg2 Ne5 49.h6 gxh6 50.g6 Rg4 51.Rxg4+ Nxg4 52.g7
Nf6 53.Kb2 a5 54.Kc2 Kc5 55.Kb3 Kd4 56.Be8 b4 57.Bf7 Kd3 58.Bg6+ Ke3 59.
Ka4 Kd2 60.Kb3 Ke3 61.Ka4 Kd4 62.Kxa5 Kc3 63.Kb5 b3 64.Kc5 b2 65.Kd6 h5 
66.Ke5 Ng8 67.Kf4 Kd2 68.Kg5 Kc1 69.Kxh5 b1=Q 70.Bxb1 Kxb1 71.Kg6 1/2-1/2

[Event "19th EUR-ch"]
[Site "Batumi GEO"]
[Date "2018.03.20"]
[Round "4.90"]
[White "Nesterov, Arseniy"]
[Black "Diermair, Andreas"]
[Result "0-1"]
[WhiteElo "2388"]
[BlackElo "2507"]
[EventDate "2018.03.17"]
[PlyCount "86"]

1.d4 Nf6 2.c4 e6 3.Nf3 b6 4.g3 c6 5.Bg2 d5 6.O-O Be7 7.Nc3 O-O 8.Ne5 Ba6 
9.cxd5 cxd5 10.Bf4 Nfd7 11.Nxd5 exd5 12.Nxf7 Rxf7 13.Bxd5 Nc6 14.Bxc6 Nf6 
15.Bxa8 Qxa8 16.f3 Nd5 17.Bc1 Qc8 18.Rf2 Bf6 19.e4 Qc4 20.b3 Qxd4 21.Bb2 
Nc3 22.Qxd4 Bxd4 23.Bxc3 Bxc3 24.Rd1 g5 25.Kg2 Bb7 26.Rc2 Bb4 27.Rc4 Bc5 
28.h3 a5 29.Rd8+ Kg7 30.Rc2 h5 31.g4 h4 32.Rcd2 Bc6 33.Rc8 Bd7 34.Rb8 Be6 
35.Rdd8 Rc7 36.Kf1 Kf6 37.Ke2 Ke5 38.Re8 Rc6 39.Rb7 Kf4 40.Rg7 a4 41.bxa4 
Bc4+ 42.Kd1 Ke3 43.Rd7 Ba3 0-1

[Event "19th EUR-ch"]
[Site "Batumi GEO"]
[Date "2018.03.20"]
[Round "4.91"]
[White "Fernandez, Daniel Howard"]
[Black "Tsoi, Dmitry"]
[Result "0-1"]
[WhiteElo "2505"]
[BlackElo "2347"]
[EventDate "2018.03.17"]
[PlyCount "110"]

1.d4 Nf6 2.Nf3 e6 3.g3 b5 4.Bg2 Bb7 5.O-O c5 6.Bg5 Be7 7.dxc5 Bxc5 8.Nd4 
Bxg2 9.Kxg2 Qb6 10.Bxf6 gxf6 11.Nb3 Be7 12.e4 h5 13.N1d2 Nc6 14.c4 Ne5 15.
cxb5 Qxb5 16.Nf3 h4 17.Nbd4 Qb7 18.Qe2 Rb8 19.Nxe5 fxe5 20.Nb3 f5 21.f3 
fxe4 22.fxe4 a5 23.Nd2 Rc8 24.Nf3 Rc5 25.Rac1 Qb5 26.Qxb5 Rxb5 27.b3 h3+ 
28.Kf2 Rg8 29.Rfd1 Bd8 30.Rd3 a4 31.bxa4 Ra5 32.Rc4 Rg4 33.Nd2 Ra8 34.Kf3 
Rg7 35.Nb3 Bb6 36.g4 Ke7 37.Kg3 Rag8 38.Kxh3 Rh7+ 39.Kg2 Rxg4+ 40.Rg3 Rf4 
41.Rc2 Rxe4 42.a5 Ba7 43.h3 Rf7 44.Rf3 Rxf3 45.Kxf3 Ra4 46.Kg3 e4 47.h4 
Kf6 48.Kh3 d5 49.Rg2 Be3 50.h5 Kf5 51.a3 Rxa3 52.Rg3 Rxb3 53.a6 Ra3 54.h6 
Rxa6 55.Rxe3 e5 0-1

[Event "19th EUR-ch"]
[Site "Batumi GEO"]
[Date "2018.03.20"]
[Round "4.92"]
[White "Petriashvili, Nikoloz"]
[Black "Kobo, Ori"]
[Result "0-1"]
[WhiteElo "2329"]
[BlackElo "2500"]
[EventDate "2018.03.17"]
[PlyCount "106"]

1.d4 d6 2.e4 Nf6 3.Nc3 g6 4.f4 Bg7 5.Nf3 O-O 6.Bd3 Nc6 7.e5 dxe5 8.dxe5 
Nd5 9.Nxd5 Qxd5 10.Qe2 Bg4 11.Be4 Qd7 12.Be3 Rad8 13.O-O Nd4 14.Qf2 Bf5 
15.Bxf5 Nxf5 16.Bd2 Qa4 17.b3 Qc6 18.Rac1 f6 19.Rfe1 Rd7 20.c4 Rfd8 21.Bc3
Rd3 22.exf6 exf6 23.Nd2 Nh6 24.Ne4 b6 25.Qh4 Nf5 26.Qf2 h5 27.Rc2 Re8 28.
Rd2 Rxd2 29.Nxd2 Bf8 30.Rxe8 Qxe8 31.b4 a5 32.a3 Qa4 33.Qe1 axb4 34.axb4 
Bxb4 35.Ne4 Bxc3 36.Qxc3 Qd1+ 37.Kf2 Nd4 38.Nxf6+ Kf7 39.Nd5 Qe2+ 40.Kg1 
Qd1+ 41.Kf2 Qe2+ 42.Kg1 c6 43.Nxb6 Qe4 44.Qa1 Ne2+ 45.Kh1 Nxf4 46.Qf1 Ke7 
47.Nc8+ Kd7 48.Nb6+ Kd6 49.h4 Nd3 50.Qf6+ Kc5 51.Qd8 Nf4 52.Na4+ Kb4 53.
Qd2+ Kxa4 0-1

[Event "19th EUR-ch"]
[Site "Batumi GEO"]
[Date "2018.03.20"]
[Round "4.93"]
[White "Gabrielian, Artur"]
[Black "Martynov, Roman"]
[Result "1-0"]
[WhiteElo "2493"]
[BlackElo "2319"]
[EventDate "2018.03.17"]
[PlyCount "49"]

1.e4 c6 2.d4 d5 3.Nd2 dxe4 4.Nxe4 Nd7 5.Nf3 Ngf6 6.Nc3 e6 7.Bd3 Bd6 8.O-O 
O-O 9.Re1 Re8 10.Bg5 Qc7 11.Qe2 b6 12.Ne5 Bb7 13.Rad1 a6 14.Nxd7 Nxd7 15.
Qh5 Nf8 16.Ne4 c5 17.Re3 Qc6 18.dxc5 bxc5 19.Rf3 f5 20.Nxd6 Qxd6 21.Rg3 
Qb6 22.Bf1 Be4 23.Bf6 g6 24.Rd7 Ra7 25.Rxg6+ 1-0

[Event "19th EUR-ch"]
[Site "Batumi GEO"]
[Date "2018.03.20"]
[Round "4.94"]
[White "Oboladze, Luka"]
[Black "Goryachkina, Aleksandra"]
[Result "1-0"]
[WhiteElo "2318"]
[BlackElo "2491"]
[EventDate "2018.03.17"]
[PlyCount "79"]

1.d4 d5 2.c4 c6 3.cxd5 cxd5 4.Bf4 Nc6 5.e3 Nf6 6.Nc3 a6 7.Bd3 Bg4 8.Nge2 
e6 9.O-O Be7 10.Rc1 O-O 11.Na4 Nh5 12.f3 Bf5 13.Bxf5 exf5 14.Qd3 g6 15.Nc5
Bxc5 16.dxc5 Re8 17.Bd6 Qd7 18.Nc3 Nf6 19.Rfe1 Qe6 20.Rcd1 Ne5 21.Qd4 Nc6 
22.Qd2 Ne7 23.Ne2 Nc6 24.Nf4 Qc8 25.Qc3 Qd8 26.Nxd5 Nxd5 27.Rxd5 Re6 28.
Red1 h6 29.Bf4 Qf8 30.Rd7 g5 31.Bg3 Rae8 32.Bd6 Qg7 33.Qxg7+ Kxg7 34.e4 
fxe4 35.fxe4 Rxe4 36.Rf1 Nd8 37.Bc7 Ne6 38.Rdxf7+ Kg6 39.R1f6+ Kh5 40.Rh7 
1-0

[Event "19th EUR-ch"]
[Site "Batumi GEO"]
[Date "2018.03.20"]
[Round "4.95"]
[White "Bellaiche, Anthony"]
[Black "Murzin, Volodar"]
[Result "1-0"]
[WhiteElo "2485"]
[BlackElo "2316"]
[EventDate "2018.03.17"]
[PlyCount "75"]

1.d4 Nf6 2.c4 g6 3.Nc3 Bg7 4.e4 d6 5.Nf3 O-O 6.Be2 e5 7.O-O Nc6 8.d5 Ne7 
9.Nd2 Ne8 10.b4 f5 11.c5 Nf6 12.a4 Kh8 13.f3 f4 14.Nc4 g5 15.Ba3 Ng6 16.b5
dxc5 17.Bxc5 Rf7 18.Bf2 h5 19.b6 axb6 20.d6 Be6 21.Nb5 cxd6 22.Nxb6 Rb8 
23.Nxd6 Rc7 24.Nb5 Qxd1 25.Rfxd1 Rc2 26.Bd3 Rc6 27.Nd5 Rd8 28.Nbc7 Bf7 29.
Rdb1 Rd7 30.Rxb7 Kh7 31.Bb5 Ne7 32.Bxc6 Nxc6 33.Nxf6+ Bxf6 34.Bb6 Nd8 35.
Nd5 Rxb7 36.Nxf6+ Kg6 37.Bxd8 Rb8 38.Bc7 1-0

[Event "19th EUR-ch"]
[Site "Batumi GEO"]
[Date "2018.03.20"]
[Round "4.96"]
[White "Girya, Olga"]
[Black "Demianjuk, Alexander"]
[Result "1-0"]
[WhiteElo "2482"]
[BlackElo "2313"]
[EventDate "2018.03.17"]
[PlyCount "67"]

1.d4 Nf6 2.c4 e6 3.Nc3 Bb4 4.Qc2 O-O 5.Nf3 d6 6.Bd2 b6 7.e4 e5 8.Bd3 Re8 
9.d5 a5 10.O-O Nbd7 11.b3 Nh5 12.Rfe1 Nc5 13.a3 Bxc3 14.Bxc3 Nf4 15.Bf1 
Bd7 16.b4 Nb7 17.Bd2 Qf6 18.Be3 Qg6 19.Kh1 Qh5 20.Qc3 Bg4 21.Ng1 Bd7 22.
Ne2 Nxe2 23.Bxe2 Qg6 24.Bd3 f5 25.f3 fxe4 26.fxe4 Rec8 27.c5 axb4 28.axb4 
Rxa1 29.Qxa1 dxc5 30.Qxe5 Qf6 31.Qg3 Qc3 32.Bf4 Re8 33.e5 c4 34.Bxh7+ 1-0

[Event "19th EUR-ch"]
[Site "Batumi GEO"]
[Date "2018.03.20"]
[Round "4.97"]
[White "Gvetadze, Sofio"]
[Black "Sargsian, Shant"]
[Result "0-1"]
[WhiteElo "2308"]
[BlackElo "2481"]
[EventDate "2018.03.17"]
[PlyCount "102"]

1.c4 e5 2.Nc3 Nf6 3.Nf3 Nc6 4.g3 d5 5.cxd5 Nxd5 6.Bg2 Nb6 7.O-O Be7 8.a3 
O-O 9.d3 Be6 10.Bd2 f6 11.Na4 Qd7 12.Rc1 Rad8 13.Nxb6 axb6 14.Qc2 Rfe8 15.
Be3 Bd5 16.Rfd1 f5 17.d4 e4 18.Ne5 Qe6 19.Qc3 Bf6 20.Bf4 Re7 21.Nxc6 bxc6 
22.b4 Ra8 23.Rd2 g5 24.Be3 Kh8 25.Rb2 Rg8 26.Bh3 h5 27.a4 h4 28.a5 hxg3 
29.fxg3 Rh7 30.Bxf5 Qxf5 31.Rf1 Qe6 32.a6 b5 33.Rbb1 Be7 34.a7 Ra8 35.Qd2 
Rxa7 36.Bxg5 e3 37.Qxe3 Qxe3+ 38.Bxe3 Ra2 39.Rf2 Rf7 40.Bf4 Bd6 41.e3 Rxf2
42.Kxf2 Kh7 43.Ke2 Kg6 44.h3 Rh7 45.h4 Kf5 46.Bxd6 cxd6 47.Rf1+ Kg4 48.Rf6
Kxg3 49.Rxd6 Rxh4 50.Kd3 Be4+ 51.Kc3 Kf3 0-1

[Event "19th EUR-ch"]
[Site "Batumi GEO"]
[Date "2018.03.20"]
[Round "4.98"]
[White "Neverov, Valeriy"]
[Black "Mgeladze, Tamaz"]
[Result "1-0"]
[WhiteElo "2480"]
[BlackElo "2303"]
[EventDate "2018.03.17"]
[PlyCount "120"]

1.e4 c5 2.c3 Nf6 3.e5 Nd5 4.Nf3 Nc6 5.d4 d6 6.Bc4 Nb6 7.Bb5 cxd4 8.Nxd4 
Bd7 9.exd6 Nxd4 10.Bxd7+ Qxd7 11.Qxd4 e6 12.Bf4 f6 13.Nd2 e5 14.Qe4 Bxd6 
15.O-O-O O-O-O 16.Be3 Bc7 17.Nc4 Qb5 18.Bxb6 axb6 19.Ne3 Kb8 20.Rxd8+ Bxd8
21.Rd1 Bc7 22.a4 Qe2 23.Qc2 Qh5 24.h3 Qf7 25.Rd5 g6 26.Qb3 Rc8 27.Qb5 Rd8 
28.Kc2 Qe6 29.g4 f5 30.gxf5 gxf5 31.Rxd8+ Bxd8 32.Qd3 Bh4 33.Qxf5 Qc6 34.
Qxe5+ Ka7 35.Qf4 Qg6+ 36.Nf5 Bg5 37.Qe4 Be7 38.f3 Bc5 39.b4 Bg1 40.Kb3 
Qf7+ 41.c4 Qf6 42.Qd3 Qg6 43.Qd5 Qg5 44.a5 bxa5 45.Qxa5+ Kb8 46.Qe5+ Ka7 
47.Qa5+ Kb8 48.Qe5+ Ka7 49.Qd5 Kb8 50.c5 Ka7 51.b5 Bh2 52.b6+ Ka8 53.Qd7 
Qg8+ 54.Kb4 Qh8 55.Qa4+ Kb8 56.Qa7+ Kc8 57.Qa8+ Bb8 58.Nd6+ Kd7 59.Qxb7+ 
Ke6 60.Qc8+ Kd5 1-0

[Event "19th EUR-ch"]
[Site "Batumi GEO"]
[Date "2018.03.20"]
[Round "4.99"]
[White "Atakishiev, Elmar"]
[Black "Sadikhov, Ulvi"]
[Result "1/2-1/2"]
[WhiteElo "1999"]
[BlackElo "2477"]
[EventDate "2018.03.17"]
[PlyCount "92"]

1.e4 Nc6 2.Nf3 d6 3.d4 Nf6 4.Nc3 g6 5.Be3 Bg7 6.h3 O-O 7.Be2 Nd7 8.O-O e5 
9.dxe5 Ndxe5 10.Nd4 Qh4 11.Ndb5 f5 12.exf5 Bxf5 13.Nxc7 Rad8 14.N7d5 Nc4 
15.Bxc4 Qxc4 16.Qd2 Rd7 17.Bh6 Ne5 18.Bxg7 Kxg7 19.Ne3 Qb4 20.Nxf5+ Rxf5 
21.a3 Qb6 22.Nd5 Qxb2 23.Rfb1 Nc4 24.Qd3 Qe5 25.Qxc4 Qxd5 26.Qc3+ Qe5 27.
Qxe5+ Rxe5 28.Rd1 Rc5 29.Rd2 Rc3 30.a4 Kf7 31.f3 Ke7 32.Re1+ Kd8 33.Re4 
Kc7 34.Kf2 d5 35.Red4 Kc6 36.h4 Kc5 37.g4 a5 38.Kg3 Rxc2 39.Rxd5+ Rxd5 40.
Rxc2+ Kd6 41.Rc4 b5 42.axb5 Rxb5 43.Rc8 Ke6 44.Rc7 h5 45.Rc6+ Kf7 46.Rc7+ 
Ke6 1/2-1/2

[Event "19th EUR-ch"]
[Site "Batumi GEO"]
[Date "2018.03.20"]
[Round "4.100"]
[White "Ivanisevic, Ivan"]
[Black "Abdullayev, Elshad"]
[Result "0-1"]
[WhiteElo "2587"]
[BlackElo "2168"]
[EventDate "2018.03.17"]
[PlyCount "76"]

1.d4 d5 2.c4 e6 3.Nc3 Nf6 4.Bg5 Be7 5.e3 h6 6.Bh4 O-O 7.Nf3 b6 8.Bd3 Bb7 
9.O-O Nbd7 10.Rc1 c5 11.cxd5 Nxd5 12.Bg3 N7f6 13.Nxd5 Qxd5 14.b4 cxb4 15.
Rc7 Bd8 16.e4 Nxe4 17.Bc4 Nxg3 18.Bxd5 Bxd5 19.Rxf7 Nxf1 20.Rxf8+ Kxf8 21.
Ne5 Bf6 22.Nd7+ Ke7 23.Nxf6 Kxf6 24.Kxf1 a5 25.Qa4 b5 26.Qxb5 Bxa2 27.Qe5+
Kf7 28.f4 a4 29.f5 a3 30.Qc7+ Kg8 31.f6 gxf6 32.Qg3+ Kh8 33.Qg6 Bd5 34.
Qxf6+ Kg8 35.Qg6+ Kf8 36.Qxh6+ Ke8 37.Qh5+ Kd7 38.Qh7+ Kd6 0-1

[Event "19th EUR-ch"]
[Site "Batumi GEO"]
[Date "2018.03.20"]
[Round "4.101"]
[White "Nevednichy, Vladislav"]
[Black "Akhvlediani, Irakli"]
[Result "1-0"]
[WhiteElo "2542"]
[BlackElo "2318"]
[EventDate "2018.03.17"]
[PlyCount "127"]

1.e4 c5 2.Nf3 Nc6 3.d4 cxd4 4.Nxd4 g6 5.c4 Nf6 6.Nc3 d6 7.Be2 Nxd4 8.Qxd4 
Bg7 9.Be3 O-O 10.Qd2 Be6 11.Rc1 a5 12.O-O a4 13.f3 Qa5 14.Rfd1 Rfc8 15.Nb5
Qxd2 16.Rxd2 Nd7 17.Kf2 Ne5 18.b3 axb3 19.axb3 Nc6 20.g4 Ra5 21.f4 Nb4 22.
Rcd1 Rxb5 23.cxb5 Bc3 24.Rb1 Bxd2 25.Bxd2 Nc2 26.f5 Bd7 27.b6 Nd4 28.Bd1 
Bb5 29.Ke3 Nc6 30.Rc1 Ra8 31.Bc3 Ra6 32.Ra1 Rxa1 33.Bxa1 Nb8 34.e5 dxe5 
35.Bxe5 Nd7 36.Bd4 Bc6 37.Kf4 Nf6 38.g5 Nd7 39.h4 e6 40.f6 Kf8 41.h5 Ke8 
42.b4 Kf8 43.Bc5+ Nxc5 44.bxc5 Ke8 45.Ke5 Kd7 46.h6 Bd5 47.Kd4 Bc6 48.Bb3 
Bb5 49.Kc3 Bc6 50.Kb4 Be4 51.Ba4+ Bc6 52.Bb5 Bxb5 53.Kxb5 e5 54.c6+ Kc8 
55.Kc5 bxc6 56.Kd6 e4 57.Ke7 e3 58.Kxf7 e2 59.Kg7 e1=Q 60.Kxh7 Kd7 61.Kg7 
Qe8 62.h7 c5 63.h8=Q Qe5 64.b7 1-0

[Event "19th EUR-ch"]
[Site "Batumi GEO"]
[Date "2018.03.20"]
[Round "4.102"]
[White "Minasian, Artashes"]
[Black "Gharibian, Mamikon"]
[Result "1/2-1/2"]
[WhiteElo "2467"]
[BlackElo "2312"]
[EventDate "2018.03.17"]
[PlyCount "49"]

1.g3 Nf6 2.Bg2 d5 3.d3 g6 4.Nf3 Bg7 5.O-O Nbd7 6.c4 c6 7.Nc3 O-O 8.cxd5 
cxd5 9.Bf4 a6 10.e4 d4 11.Ne2 Nh5 12.Bd2 e5 13.b4 b5 14.a4 Bb7 15.axb5 
axb5 16.Ra5 Qb6 17.Qb3 Nhf6 18.Bh3 h6 19.Nh4 Kh7 20.f3 Rac8 21.Rfa1 Rc7 
22.Qa2 Nb8 23.Rc1 Nc6 24.Ra3 Re8 25.Qb3 1/2-1/2

[Event "19th EUR-ch"]
[Site "Batumi GEO"]
[Date "2018.03.20"]
[Round "4.103"]
[White "Nuber, Blasius"]
[Black "Pijpers, Arthur"]
[Result "1/2-1/2"]
[WhiteElo "2284"]
[BlackElo "2453"]
[EventDate "2018.03.17"]
[PlyCount "54"]

1.e4 c5 2.c3 Nf6 3.e5 Nd5 4.d4 cxd4 5.cxd4 d6 6.Nf3 Nc6 7.Bc4 dxe5 8.dxe5 
Ndb4 9.Qxd8+ Nxd8 10.Na3 a6 11.Nd4 b5 12.Bd2 e6 13.Be2 Bb7 14.O-O Bd5 15.
Bxb4 Bxb4 16.Nac2 Be7 17.a4 bxa4 18.Rxa4 Rb8 19.Rxa6 Rxb2 20.Bb5+ Kf8 21.
Ne3 Bb7 22.Ra4 g6 23.Rc4 h5 24.f4 Be4 25.Rf2 Rb1+ 26.Rf1 Rb2 27.Rf2 Rb1+ 
1/2-1/2

[Event "19th EUR-ch"]
[Site "Batumi GEO"]
[Date "2018.03.20"]
[Round "4.104"]
[White "Vykouk, Jan"]
[Black "Shevelev, Arkady"]
[Result "1-0"]
[WhiteElo "2445"]
[BlackElo "2309"]
[EventDate "2018.03.17"]
[PlyCount "79"]

1.e4 c6 2.c4 d5 3.cxd5 cxd5 4.exd5 Nf6 5.Bb5+ Nbd7 6.Nc3 g6 7.Nf3 Bg7 8.d6
exd6 9.Qe2+ Qe7 10.Qxe7+ Kxe7 11.O-O Rd8 12.d4 a6 13.Bc4 b5 14.Bd5 Rb8 15.
Ng5 b4 16.Re1+ Kf8 17.Bxf7 bxc3 18.Ne6+ Kxf7 19.Nxd8+ Kg8 20.bxc3 Bb7 21.
Nxb7 Rxb7 22.Ba3 Bf8 23.c4 Rc7 24.Rac1 Kf7 25.Kf1 Rc8 26.Ke2 Bh6 27.Rc2 
Nb6 28.Kd3 d5 29.Re7+ Kg8 30.cxd5 Rxc2 31.Kxc2 Bf8 32.Rb7 Bxa3 33.Rxb6 
Nxd5 34.Rb7 Bb4 35.Kd3 Be1 36.Kc4 Nc3 37.Re7 Bd2 38.Kd3 Nd5 39.Rb7 Be1 40.
Ke4 1-0

[Event "19th EUR-ch"]
[Site "Batumi GEO"]
[Date "2018.03.20"]
[Round "4.105"]
[White "Mindlin, Alon"]
[Black "Eminov, Orkhan"]
[Result "1-0"]
[WhiteElo "2442"]
[BlackElo "2295"]
[EventDate "2018.03.17"]
[PlyCount "51"]

1.d4 Nf6 2.c4 g6 3.Nc3 Bg7 4.e4 d6 5.f3 Nc6 6.d5 Nb8 7.Bd3 c6 8.Be3 Nbd7 
9.Nge2 h5 10.f4 O-O 11.h3 Qa5 12.O-O a6 13.Rb1 c5 14.a4 Ne8 15.e5 dxe5 16.
f5 Nd6 17.Qc1 Nf6 18.fxg6 e4 19.gxf7+ Rxf7 20.Bc2 Bf5 21.b4 cxb4 22.c5 
bxc3 23.cxd6 Bh7 24.dxe7 Rxe7 25.Bb6 Qxd5 26.Bb3 1-0

[Event "19th EUR-ch"]
[Site "Batumi GEO"]
[Date "2018.03.20"]
[Round "4.106"]
[White "Pechac, Jergus"]
[Black "Demircioglu, Emre"]
[Result "1-0"]
[WhiteElo "2440"]
[BlackElo "2285"]
[EventDate "2018.03.17"]
[PlyCount "103"]

1.c4 e6 2.Nc3 d5 3.d4 Nf6 4.cxd5 exd5 5.Bg5 Be7 6.e3 c6 7.Bd3 Nbd7 8.Qc2 
O-O 9.Nf3 Re8 10.O-O Nf8 11.Rab1 Be6 12.b4 Rc8 13.Qb2 a6 14.a4 b5 15.Rfc1 
Ng6 16.Rc2 Nd7 17.Bxe7 Qxe7 18.a5 Nh4 19.Nxh4 Qxh4 20.Ne2 Nf6 21.h3 Bd7 
22.Qc3 g5 23.Qc5 Ne4 24.Bxe4 Qxe4 25.Rbc1 Qe7 26.Qa7 Ra8 27.Qc7 Rec8 28.
Qg3 h6 29.h4 f6 30.hxg5 hxg5 31.Qf3 Kg7 32.Ng3 Qe6 33.e4 dxe4 34.Nxe4 Qf5 
35.Rc3 Qxf3 36.Rxf3 Rf8 37.Nc5 Bc8 38.Re3 Ra7 39.Re6 Rc7 40.Rd6 Kg6 41.f3 
Re8 42.Kf2 Kf7 43.Ne4 Re6 44.Rd8 Ke7 45.Rh8 f5 46.Nxg5 Rg6 47.Rh7+ Kd6 48.
Nf7+ Ke6 49.d5+ Kf6 50.Rxc6+ Rxc6 51.dxc6 Ke6 52.f4 1-0

[Event "19th EUR-ch"]
[Site "Batumi GEO"]
[Date "2018.03.20"]
[Round "4.107"]
[White "Tsvetkov, Andrey"]
[Black "Mazur, Stefan"]
[Result "1/2-1/2"]
[WhiteElo "2252"]
[BlackElo "2439"]
[EventDate "2018.03.17"]
[PlyCount "88"]

1.d4 Nf6 2.c4 g6 3.Nc3 d5 4.Bf4 Bg7 5.e3 c6 6.Nf3 O-O 7.h3 h6 8.Rc1 Be6 9.
c5 Ne4 10.Bd3 f5 11.O-O Nd7 12.Bh2 Bf7 13.Ne2 g5 14.Ne5 e6 15.f4 Bh5 16.b4
Bxe5 17.fxe5 b6 18.g4 fxg4 19.Bxe4 g3 20.Bc2 gxh2+ 21.Kxh2 Qe7 22.Qd3 Rxf1
23.Rxf1 Rf8 24.Nf4 gxf4 25.Rg1+ Kh8 26.exf4 Rg8 27.Rxg8+ Kxg8 28.b5 bxc5 
29.bxc6 Nf8 30.Qg3+ Kh8 31.f5 exf5 32.e6 Qxe6 33.c7 Ng6 34.dxc5 f4 35.Qc3+
Kg8 36.Qd3 f3 37.c8=Q+ Qxc8 38.Qxd5+ Kg7 39.Qxh5 Qc7+ 40.Kh1 Ne5 41.Qf5 
Qxc5 42.Qh7+ Kf8 43.Qxh6+ Ke7 44.Qg5+ Kd6 1/2-1/2

[Event "19th EUR-ch"]
[Site "Batumi GEO"]
[Date "2018.03.20"]
[Round "4.108"]
[White "Yankelevich, Lev"]
[Black "Sargissian, Sargis"]
[Result "1-0"]
[WhiteElo "2437"]
[BlackElo "2284"]
[EventDate "2018.03.17"]
[PlyCount "89"]

1.d4 Nf6 2.c4 g6 3.Nc3 Bg7 4.e4 d6 5.Nf3 O-O 6.h3 Na6 7.Bg5 Qe8 8.g4 e5 9.
d5 Nc5 10.Nd2 a5 11.Be2 Kh8 12.h4 Ng8 13.Be3 f5 14.g5 Na6 15.f3 f4 16.Bf2 
h5 17.Nb3 b6 18.Rb1 Rf7 19.Na1 c5 20.dxc6 Rb8 21.Nb5 Qxc6 22.Qxd6 Qe8 23.
Qxg6 Bf8 24.Qxh5+ Kg7 25.g6 Bb4+ 26.Kf1 Re7 27.Nc2 Qxg6 28.Qxg6+ Kxg6 29.
Nxb4 Nxb4 30.Rd1 Nf6 31.a3 Nc6 32.Rg1+ Kh6 33.Rd6 Re6 34.Kg2 Rxd6 35.Nxd6 
Be6 36.Rd1 Rg8+ 37.Kh2 Nd4 38.Bxd4 exd4 39.Rxd4 Nh5 40.Nf5+ Bxf5 41.exf5 
Re8 42.Bd3 Re1 43.f6 Rd1 44.f7 Kg7 45.Rd8 1-0

[Event "19th EUR-ch"]
[Site "Batumi GEO"]
[Date "2018.03.20"]
[Round "4.109"]
[White "Oglaza, Oskar"]
[Black "Bernotas, Arturs"]
[Result "0-1"]
[WhiteElo "2240"]
[BlackElo "2436"]
[EventDate "2018.03.17"]
[PlyCount "76"]

1.d4 Nf6 2.c4 e6 3.g3 d5 4.Nf3 dxc4 5.Bg2 Nbd7 6.O-O Rb8 7.Re1 b5 8.e4 Bb7
9.Qc2 Be7 10.Bf4 O-O 11.Nbd2 Nb6 12.Rad1 Rc8 13.Nf1 h6 14.h3 Re8 15.g4 Bb4
16.Re2 Nfd7 17.g5 h5 18.Ng3 g6 19.Nh4 Nf8 20.e5 Bxg2 21.Nxg2 Nd5 22.Bc1 
Nh7 23.Nh4 Bf8 24.Nxg6 Nb4 25.Qe4 Nxg5 26.Bxg5 Qxg5 27.Nxf8 Kxf8 28.h4 Qg6
29.Qf3 Nd5 30.Re4 Ke7 31.Qa3+ Kd7 32.Qc5 a6 33.a4 Rb8 34.Ra1 Rg8 35.Kh2 f5
36.exf6 Qxf6 37.Rf1 Rxg3 38.fxg3 Qxf1 0-1

[Event "19th EUR-ch"]
[Site "Batumi GEO"]
[Date "2018.03.20"]
[Round "4.110"]
[White "Baghdasarian, Vahe"]
[Black "Aleksanian, Hrant"]
[Result "1/2-1/2"]
[WhiteElo "2431"]
[BlackElo "2250"]
[EventDate "2018.03.17"]
[PlyCount "80"]

1.e4 e5 2.Nf3 Nc6 3.Bc4 Bc5 4.c3 Nf6 5.d3 O-O 6.O-O d5 7.exd5 Nxd5 8.Re1 
Bg4 9.h3 Bh5 10.Nbd2 Nb6 11.b4 Be7 12.b5 Na5 13.g4 Naxc4 14.Nxc4 Nxc4 15.
dxc4 Qxd1 16.Rxd1 Bg6 17.Nxe5 Bc2 18.Rd2 Ba4 19.Nd3 Bf6 20.Nb2 Bxc3 21.Rd3
Bf6 22.g5 Bxb2 23.Bxb2 Rfd8 24.Ra3 Bc2 25.Re1 Rd1 26.Rxd1 Bxd1 27.Be5 Be2 
28.Ra4 Bd1 29.Ra5 Be2 30.Ra4 Bd1 31.Rb4 Rc8 32.c5 Be2 33.a4 c6 34.b6 axb6 
35.cxb6 c5 36.Re4 Bd3 37.Re3 Ba6 38.Bb2 Kf8 39.Ba3 f6 40.gxf6 gxf6 1/2-1/2